Ricardo Palma / (Record no. 10020)

000 -CABECERA
fixed length control field 00624nam a22001937a 4500
003 - IDENTIFICADOR DEL NÚMERO DE CONTROL
control field AR-CdUCM
008 - DATOS DE LONGITUD FIJA--INFORMACIÓN GENERAL
fixed length control field 190329b ||||| |||| 00| 0 spa d
040 ## - FUENTE DE LA CATALOGACIÓN
Agencia/entidad que catalogó originalmente la obra MUNICIPALIDAD PROVINCIAL DEL CUSCO
Entidad que transcribió la catalogación BIBLIOTECA MUNICIPAL DEL CUSCO
082 ## - NÚMERO DE LA CLASIFICACIÓN DECIMAL DEWEY
No. de Clasificación 869.558 /
Notacion interna P19E / 1949
100 ## - ENTRADA PRINCIPAL--NOMBRE DE PERSONA
Nombre Personal Palma, Ricardo
245 ## - MENCIÓN DE TÍTULO
Título Ricardo Palma /
Resto del título Epistolario
260 ## - PUBLICACIÓN, DISTRIBUCIÓN, ETC.
Lugar de publicación, distribución, etc. Lima :
Nombre de la editorial, distribuidor, etc. Cultura antártica,
Fecha de publicación, distribución, etc. 1949.
300 ## - DESCRIPCIÓN FÍSICA
Nº de Páginas Extensión 601 páginas ;
Otros detalles físicos Ilustraciones,
Dimensiones 23.5 cm.
505 ## - NOTA DE CONTENIDO CON FORMATO
Nota de contenido formateada Contenido: El epistolario de Palma (1862-1918)
650 ## - PUNTO DE ACCESO ADICIONAL DE MATERIA--TÉRMINO DE MATERIA
Descriptor Cartas peruanas
9 (RLIN) 21109
650 ## - PUNTO DE ACCESO ADICIONAL DE MATERIA--TÉRMINO DE MATERIA
Descriptor Siglo XIX.
9 (RLIN) 43901
942 ## - ELEMENTOS DE PUNTO DE ACCESO ADICIONAL (KOHA)
Fuente de clasificación
Tipo de item Libros-BMC
945 ## - PROCESAMIENTO DE INFORMACIÓN LOCAL (OCLC)
Catalogador acv
Holdings
Estado de retiro (separado) Fuente de clasificación o esquema de estanterías Estado dañado Ubicación Sala donde se ubica Nombre de la colección Fecha de adquisición o compra Costo, precio normal en soles Signatura topográfica Código de Barras Última vez visto (Koha) Tipo de ítem (Koha)
No     Sala Cusco Antiguo Sala Cusco Antiguo Book Cart 2019-03-29 80.00 869.552 / R53R / t.1 / 1949 SCA0000687 2019-03-29 Libros-BMC

Powered by Koha